000 00447nam a2200145Ia 4500
008 151213s9999 xx 000 0 und d
100 _aমাজদ মাহমুদ
245 _aশ্রেষ্ঠ কবিতা
_cমাজদ মাহমুদ
260 _aঢাকা
_bআদর্শ।
_c2010
300 _a8439 p.
650 _aBangla
650 _aBengali Literature
700 _aমাজদ মাহমুদ
999 _c4277
_d4277